000 01510cam a22002891i 4500
003 SA_RiAUC
005 20241008072532.0
008 241007s2011____le g 000 0dara c
040 _aSA-RiIMS
_bara
_cSA-RiAUC
_erda
082 0 4 _a237.6
090 _a237.6
_bع ل م
100 1 _aعلم الدين البرزالي، القاسم بن محمد بن يوسف،
_d665-739 هجري
_eمؤلف.
245 1 0 _aجزء من فيه من عوالي الشيخات الستات /
_cتخريج القاسم بن محمد البرزالي الدمشقي ؛ حققه وقدم له بمقدمة في عناية النساء بالحديث محمد بن ناصر العجمي.
250 _aالطبعة الأولى.
264 1 _aبيروت :
_bدار البشائر الإسلامية،
_c2011
300 _a150 صفحة ؛
_c24 سم.
336 _aنص
_btxt
_2rdacontent
_3كتاب
337 _aبدون وسيط
_bn
_2rdamedia
338 _aمجلد
_bnc
_2rdacarrier
490 1 _aمكتبة نظام يعقوبي الخاصة (المنامة).
_aالأثبات والمشيخات والإجازات والمسلسلات ؛
_v16
650 7 _aالمرأة في الحديث
_2aucsh
650 7 _aالحديث
_xمستخرجات
_2aucsh
700 1 _aالعجمي، محمد بن ناصر
_eمحقق.
830 2 _aمكتبة نظام يعقوبي الخاصة.
_pالأثبات والمشيخات والإجازات والمسلسلات
_v16
942 _2ddc
_cBOOK
_n0
949 _aSA-JeALM
_d241007
_umohamedma123
_n1
999 _c997
_d997